000 00262 a2200121 4500
001 142413
040 _cLeonardo Da Vinci
041 _aPortuguês
082 _av154
245 _aBIOLOGIA genética
697 _aBiologia
_aCorpo Humano
_aGenética
942 _cVM
999 _c142413
_d142413